[Event "Ch Spain (seniors)"]
[Site "masterchessopen.com Mondariz (Spain)"]
[Date "2012.10.17"]
[Round "8"]
[White "Sanz Bastos Fernando (ESP)"]
[Black "Sio Areal Manuel (ESP)"]
[Result "1-0"]
[WhiteElo "2022"]
[BlackElo "1415"]

1.e4 c5 2.Nc3 d6 3.g3 Nc6 4.Bg2 g6 5.d3 Bg7 6.Be3 Nf6 7.h3 O-O 8.Nge2 Re8
9.O-O e5 10.Qd2 Nd4 11.f4 Nh5 12.g4 Nf6 13.f5 gxf5 14.exf5 Rb8 15.Ng3 b5
16.Bh6 Nxc2 17.Qg5 Nh5 18.f6 Nxa1 19.Nxh5 {#r} 1-0